00818nam a2200193 a 4500003000200000005001700002008004100019050002900060100003000089245013900119260009200258300004000350504004100390650002900431650003500460650003800495650003900533650005200572020250410082923.0970101s19uu xx 00 eng d aPGS HQ 784.T4b.Z94 2004 aZulueta, Thara Ashley S. aThe preferences of grade school students between television viewing and domestic chores SY 2003 - 2004 /cThara Ashley S. Zulueta.  aLas Piñas City, Philippines : bSouthville International School and Colleges,c2004. a26 pages :billustrations ;c28 cm. aIncludes bibliographical references. aTelevision and children. aTime management in children.  aHouseworkvPsychological aspects. aLeisurevSocial aspectsvChildren. aGrade 6 (Education) or Sixth grade (Education).